| 000 | 01347nab a22002777a 4500 | ||
|---|---|---|---|
| 999 |
_c6328 _d6328 |
||
| 003 | OSt | ||
| 005 | 20260130204115.0 | ||
| 008 | 190603e xxum|||| |||| 00| 0 spa d | ||
| 040 | _cPJ | ||
| 100 |
_95110 _aRaschetti, Franco |
||
| 245 | 1 | 0 |
_aAsunción de riesgos en la práctica deportiva / _cFranco Raschetti. |
| 260 |
_cCiudad Autónoma de Buenos Aires : _aThomson Reuters La Ley, _b2025. |
||
| 300 | _ap. 27-39 | ||
| 500 | _aCita: TR LALEY AR/DOC/2278/2025 Publicado en: RCCyC 2025 (Octubre). | ||
| 505 | _aSumario: I. Exordio.— II. Las eximentes como dimensión "negativa" de los presupuestos de la responsabilidad civil.— III. La asunción de riesgos en el Cód. Civ. y Com.— IV. El especial enfoque de los daños sufridos en la práctica deportiva.— V. El ámbito del consentimiento del damnificado. | ||
| 505 | _t¿Te interesa el texto completo? Solicitalo al correo: koha@justierradelfuego.gov.ar | ||
| 650 | 0 |
_91497 _aCODIGO CIVIL Y COMERCIAL |
|
| 650 | 0 |
_91467 _aRESPONSABILIDAD CIVIL |
|
| 650 | 0 |
_92823 _aDAÑOS Y PERJUICIOS |
|
| 650 | 0 |
_93725 _aDEPORTES |
|
| 650 | 0 |
_92950 _aLESIONES |
|
| 650 | 0 |
_92693 _aDOLO |
|
| 650 | 0 |
_95585 _aCONSENTIMIENTO |
|
| 773 | 0 |
_02713 _93170 _dCiudad Autónoma de Buenos Aires : Thomson Reuters La Ley, 2015- _tRevista Código Civil y Comercial. Nº 5 - Octubre 2025 |
|
| 942 |
_2udc _cANA |
||